000
00340nam a2200157Ia 4500
100
_a
Harwani/B.M
650
_a
JSF
942
_c
BK
366
_f
25
245
_a
Practical JSF project using Netbeans
260
_b
Prentice -Hall of India
_c
2009
082
_a
5.15
_b
HAR
300
_a
309
546
_a
ENGLISH
_c
Computers
999
_c
25682
_d
25682